| 000 | 00575nam a2200193 i 4500 | ||
|---|---|---|---|
| 001 | 24562 | ||
| 003 | ES-MaACL | ||
| 005 | 20250802062550.0 | ||
| 007 | t| | ||
| 008 | 021218m19521953sp ||||1| spa d | ||
| 080 | _a821.134.2(082.2) | ||
| 245 | 0 | 0 |
_aAntología española / _cpor Juan Ruiz Peña. |
| 260 |
_aBurgos : _b[s.n., _c1952-53] ( _fHijos de Santiago Rodríguez) |
||
| 300 |
_a3 v. ; _c19 cm. |
||
| 650 | 0 | 7 |
_aLiteratura española _2embne _914539 |
| 700 | 1 |
_aRuiz Peña, Juan, _d1915-1992 _9100896 |
|
| 852 |
_aES-MaACL _jE-3660-2 |
||
| 999 |
_c24562 _d24562 |
||